Adami (Record no. 16762)
[ view plain ]
| 000 -LEADER | |
|---|---|
| campo de control de longitud fija | 00743nam a2200241 i 4500 |
| 001 - NÚMERO DE CONTROL | |
| campo de control | 16762 |
| 003 - IDENTIFICADOR DE NÚMERO DE CONTROL | |
| campo de control | ES-MaACL |
| 005 - FECHA Y HORA DE LA ÚLTIMA TRANSACCIÓN | |
| campo de control | 20250304063100.0 |
| 007 - CAMPO FIJO DE DESCRIPCIÓN FÍSICA--INFORMACIÓN GENERAL | |
| campo de control de longitud fija | t| |
| 008 - DATOS DE LONGITUD FIJA--INFORMACIÓN GENERAL | |
| campo de control de longitud fija | 001102s1984 sp ||||1| spa d |
| 080 ## - NÚMERO DE LA CLASIFICACIÓN DECIMAL UNIVERSAL | |
| Número de la Clasificación Decimal Universal | 75 Adami, Valerio (064.3) |
| 100 0# - ENTRADA PRINCIPAL--NOMBRE DE PERSONA | |
| Nombre de persona | Adami, Valerio |
| 9 (RLIN) | 18374 |
| 245 10 - MENCIÓN DEL TÍTULO | |
| Título | Adami |
| Resto del título | : pinturas / |
| Mención de responsabilidad, etc. | Texto de Marc Le Bot. |
| 260 ## - PUBLICACIÓN, DISTRIBUCIÓN, ETC. | |
| Lugar de publicación, distribución, etc. | Oviedo : |
| Nombre del editor, distribuidor, etc. | Museo de Bellas Artes de Asturias, |
| Fecha de publicación, distribución, etc. | [1984] |
| 300 ## - DESCRIPCIÓN FÍSICA | |
| Extensión | [19] p. : |
| Otras características físicas | il. ; |
| Dimensiones | 28 cm. |
| 600 04 - PUNTO DE ACCESO ADICIONAL DE MATERIA--NOMBRE DE PERSONA | |
| Nombre de persona | Adami, Valerio |
| 9 (RLIN) | 18374 |
| 655 #7 - TERMINO DE INDIZACIÓN--GENERO/FORMA | |
| Fuente del término | tgfbne |
| 9 (RLIN) | 193628 |
| Datos o término principal de género/forma | Catálogos de exposiciones |
| 700 1# - ENTRADA AGREGADA--NOMBRE PERSONAL | |
| Nombre de persona | Le Bot, Marc. |
| 9 (RLIN) | 70837 |
| 710 2# - ENTRADA AGREGADA--NOMBRE DE ENTIDAD CORPORATIVA | |
| Nombre de entidad corporativa o nombre de jurisdicción como elemento de entrada | Museo de Bellas Artes de Asturias. |
| 9 (RLIN) | 5843 |
| 852 ## - LOCALIZACIÓN | |
| Ubicación | ES-MaACL |
| Número de control de estantería | 2155-F-14 |
| Sublocalización o colección | R.107456 |
| 942 ## - ELEMENTOS DE ENTRADA SECUNDARIOS (KOHA) | |
| Fuente del sistema de clasificación o colocación | Clasificación decimal universal |
| Estatus retirado | Estado de pérdida | Estado de daño | No para préstamo | Colección | Biblioteca de origen | Biblioteca actual | Ubicación en estantería | Fecha de adquisición | Fuente de adquisición | Total de préstamos | Signatura topográfica completa | Código de barras | Visto por última vez | Precio de reemplazo | Tipo de ítem Koha |
|---|---|---|---|---|---|---|---|---|---|---|---|---|---|---|---|
| Colección de folletos | Biblioteca del Ateneo de Madrid | Biblioteca del Ateneo de Madrid | Depósito folletos | 17/01/2008 | 2155-F-14 | 1017025 | 23/02/2023 | 23/02/2023 | Folleto |
